000 00918nmc a2200301 a 4500
003 AR-BaBNM
005 20251128204231.0
008 015019s1998 ||||||||||||||000 | spa||
020 _a950-06-0514-7
040 _cAR-BaBNM
100 1 _aBernaldo de Quirós, Julio
245 1 0 _aFundamentos neuropsicológicos en las discapacidades de aprendizaje
250 _a1ª ed. [5° reimp.]
260 _aBuenos Aires
_bEditorial Médica Panamericana
_c1998
300 0 _a261 p.
_bil.
490 0 _aEducación especial
500 0 _aTraducción del Dr. Daniel Landes
500 0 _aContiene glosario e índice analítico
650 4 _aEDUCACION ESPECIAL
650 4 _aAPRENDIZAJE
650 4 _aDIFICULTADES EN EL APRENDIZAJE
650 4 _aPROCESO DE APRENDIZAJE
650 4 _aTRASTORNOS DEL APRENDIZAJE
653 0 _aDISCAPACIDAD MENTAL
700 1 _aSchrager, Orlando L.
942 _cBK
998 _cCarmen
999 _c6647
_d6647